00300 a2200121 450000100060000004000240000610000260003024000390005624500340009530000090012936200090013865000310014771024 cAnchieta - Itaigara aBranco, Samuel Murgel10aO saci e a reciclagem do lixolpor10aO saci e a reciclagem do lixo a15p.0 a2011 4aLiteratura infanto-juvenil